000 00717nam a2200265Ia 4500
001 17038
005 20240113235742.0
007 ta
008 170504n ii |||gr||||Z||||||465
040 _aCotton College Assam
041 _a465
082 _a320.1
_bG 151 F
100 _aFischer, Louis .
245 0 _aGandhi and Stalin: Two Signs at the World`s Crossroads /
_cLouis Fischer.
_hTextual Documents
250 _a1st ed. /
260 _aDelhi :
_bRaj Publications Ltd. ,
_c1947.
300 _a143p. :
_bill ;
_c22cm .
653 _aGandhi
653 _aStalin
653 _aPolitical Science
653 _aG-Political Science
942 _2ddc
_cBK
999 _c17020
_d17020